| 000 | 00473 a2200169 4500 | ||
|---|---|---|---|
| 999 |
_c3194 _d3194 |
||
| 020 | _a085598497X | ||
| 050 | _aHV7435 COE 2003 | ||
| 100 | _aCoe, Jim | ||
| 245 |
_aAction against small arms: _bA Resource and training handbook / _cJim Coe and Henry Smith |
||
| 264 |
_aBounemouth _bOxfam _c2003 |
||
| 300 | _a206p., | ||
| 500 | _atraining handbook | ||
| 650 | _aPlanning for Action | ||
| 650 | _aPolicy context | ||
| 700 | _aSmith, Henry | ||
| 942 |
_2olc _cBK _h7435 _iCOE _kHV |
||